US Presidents by Event - Statistics

General Stats
  • This quiz has been taken 56 times
  • The average score is 15 of 29
Answer Stats
Hint President % Correct
World War II Franklin Roosevelt
95%
Watergate Scandal Richard Nixon
93%
Civil War Abraham Lincoln
88%
9-11 Attacks George Bush
86%
Lewinsky Affair William Clinton
86%
Desert Storm George H W Bush
84%
Bay of Pigs Invasion John Kennedy
79%
Great Depression (begins) Herbert Hoover
77%
Korean War Harry Truman
74%
Grenada War Ronald Reagan
63%
Louisiana Purchase Thomas Jefferson
63%
War of 1812 James Madison
60%
Civil Rights & Voting Rights Act Lyndon Johnson
58%
Libyan Civil War Barack Obama
56%
Camp David Accords James Carter
56%
Square Deal Theodore Roosevelt
53%
Interstate Highway System Dwight Eisenhower
49%
Whiskey Rebellion George Washington
47%
Spanish-American War William McKinley
42%
Dred Scott Case James Buchanan
33%
Mexican War James Polk
28%
Missouri Compromise James Monroe
26%
Alien and Sedition Acts John Adams
26%
Return to Normalcy Warren Harding
19%
Nullification Crisis Andrew Jackson
14%
Gadsden Purchase Franklin Pierce
14%
Pullman Strike Grover Cleveland
12%
Credit Mobilier Scandal Ulysses Grant
9%
McKinley Tariff Benjamin Harrison
7%
No matching quizzes found
Score Distribution
Percent of People with Each Score
Percentile by Number Answered
Your Score History
You have not taken this quiz